• 首页
  • 本馆介绍
  • 公告通知
  • 最新文献
  • 馆藏检索
  • 电子资源
  • 读者导购
  • 参考咨询
  • 我的图书馆
  • 登录
  • 详细信息显示
  • 放入我的书架
  • 预约/预借图书
  • 作者相关作品
  • 分类相关作品
  • 丛书相关作品
  • 出版社相关作品

书目信息

  • 表格格式
  • 工作单格式
  • 卡片格式
题名:
信息系统原理
    
 
作者: 徐绪松 主编
分册:  
出版信息: 北京   科学出版社  2006
页数: 13,331页
开本: 24cm
丛书名:
单 册:
中图分类: C931.6
科图分类:
主题词: 信息系统--高等学校--教材 , 信息系统 , 管理--技术 , 管理--方法
电子资源:
ISBN: 7-03-016741-4
000 00953nam0 2200265 450
001 003093246
005 20061123153936.15
010    @a7-03-016741-4@dCNY29.00
100    @a20060303d2006 em y0chiy0110 ea
101 0  @achi
102    @aCN@b110000
105    @aa z 000yy
200 1  @a信息系统原理@9xin xi xi tong yuan li@f徐绪松主编
210    @a北京@c科学出版社@d2006
215    @a13,331页@c照片@d24cm
300    @a信息管理与信息系统专业规划教材
330    @a本书介绍了信息系统的概念、硬软技术、应用形式、开发过程和方法以及安全保密问题,界定了基于网络下的信息系统与传统信息系统间的区别;介绍了基于网络下的信息系统硬技术的工作原理;列举了业务信息系统、坐标信息系统和政务信息系统的各种应用。
606 0  @a信息系统@x高等学校@j教材
606 0  @a信息系统
606 0  @a管理@x技术
606 0  @a管理@x方法
690    @aC931.6@v4
701  0 @a徐绪松@9xu xu song@c(女,@f1945~)@4主编
801  0 @aCN@bNLC@c20061123
905    @a10447@dC931.6@e231
    
    信息系统原理/徐绪松主编.-北京:科学出版社,2006
    13,331页:照片;24cm
    信息管理与信息系统专业规划教材
    
    ISBN 7-03-016741-4:CNY29.00
    本书介绍了信息系统的概念、硬软技术、应用形式、开发过程和方法以及安全保密问题,界定了基于网络下的信息系统与传统信息系统间的区别;介绍了基于网络下的信息系统硬技术的工作原理;列举了业务信息系统、坐标信息系统和政务信息系统的各种应用。
●
相关链接 在E读中查询图书 在五车中查询图书 在当当中查询图书 在豆瓣中查询图书


正题名:信息系统原理     索取号:C931.6/231         预约/预借

序号 登录号 条形码 馆藏地/架位号 状态 备注
1 0390865   203908655   第一样本阅览室/ [索取号:C931.6/231] 在馆    
2 0390866   203908664   第一借阅区/ [索取号:C931.6/231] 在馆    
3 0390867   203908673   第一借阅区/ [索取号:C931.6/231] 在馆    
4 0390868   203908682   第一借阅区/ [索取号:C931.6/231] 在馆    
5 0390869   203908691   第一借阅区/ [索取号:C931.6/231] 在馆    
唐山师范学院图书馆 欢迎您!
大连网信软件有限公司© 版权所有